[Event "BL2-Nord 2324"]
[Site "Germany"]
[Date "2024.03.16"]
[Round "9.5"]
[White "Armbrust, Florian"]
[Black "Seils, Joerg"]
[Result "1-0"]
[WhiteElo "2258"]
[BlackElo "2315"]
[PlyCount "111"]
[EventDate "2023.10.21"]
[EventType "team-tourn"]
[EventRounds "10"]
[EventCountry "GER"]
[SourceTitle "EXT 2025"]
[Source "ChessBase"]
[SourceDate "2024.10.14"]
[SourceVersion "1"]
[SourceVersionDate "2024.10.14"]
[SourceQuality "1"]
[WhiteTeam "Magdeburg"]
[BlackTeam "Pankow Rotation"]
[WhiteTeamCountry "GER"]
[BlackTeamCountry "GER"]

1. e4 Nf6 2. Nc3 d5 3. e5 Nfd7 4. f4 e6 5. d4 c5 6. Nce2 cxd4 7. Nxd4 Nc6 8. Ngf3 Be7 9. c3 0-0 10. Bd3 Nc5 11. Bc2 f5 12. exf6 Bxf6 13. 0-0 Bd7 14. Be3 b6 15. Qe2 Qe7 16. Nxc6 Bxc6 17. Bd4 Bb7 18. Qe3 Rad8 19. a4 Bxd4 20. Nxd4 Ne4 21. a5 e5 22. fxe5 Qxe5 23. axb6 axb6 24. Nf3 Qc7 25. Qd4 Rf6 26. Ra7 Qb8 27. Rxb7 Qxb7 28. Bxe4 dxe4 29. Qxd8+ Rf8 30. Qd1 exf3 31. Rxf3 Re8 32. Qb3+ Kh8 33. Qf7 Qb8 34. h3 h6 35. Qg6 Rd8 36. Rd3 Rf8 37. Qd6 Qe8 38. Kh2 Rf6 39. Qd8 Qxd8 40. Rxd8+ Kh7 41. Kg3 g5 42. Rd2 Kg6 43. Rf2 Re6 44. Kf3 h5 45. Re2 g4+ 46. hxg4 hxg4+ 47. Kf2 Rd6 48. Ke3 Kg5 49. c4 Re6+ 50. Kd3 Rd6+ 51. Kc3 g3 52. b4 Kf5 53. c5 bxc5 54. b5 Re6 55. Rb2 Ke5 56. b6 1-0

[Event "Oberliga Nord O 2223"]
[Site "Germany"]
[Date "2023.04.23"]
[Round "8.5"]
[White "Seils, Joerg"]
[Black "Glienke, Manfred"]
[Result "1/2-1/2"]
[WhiteElo "2324"]
[BlackElo "2205"]
[PlyCount "30"]
[EventDate "2022.10.23"]
[EventType "team-tourn"]
[EventRounds "9"]
[EventCountry "GER"]
[SourceTitle "EXT 2025"]
[Source "ChessBase"]
[SourceDate "2024.10.14"]
[SourceVersion "1"]
[SourceVersionDate "2024.10.14"]
[SourceQuality "1"]
[WhiteTeam "Pankow Rotation"]
[BlackTeam "Kreuzberg"]
[WhiteTeamCountry "GER"]
[BlackTeamCountry "GER"]

1. e4 c6 2. Nc3 d5 3. Nf3 dxe4 4. Nxe4 Nf6 5. Ng3 h5 6. h3 e6 7. d4 Bd6 8. Bd3 Qc7 9. Ne4 Nxe4 10. Bxe4 Nd7 11. c3 Nf6 12. Bd3 b6 13. Qe2 Bb7 14. Bg5 0-0-0 15. 0-0-0 Rde8 1/2-1/2

[Event "Oberliga Nord O 1920"]
[Site "Germany"]
[Date "2021.08.14"]
[Round "8.3"]
[White "Urban, Hans Rainer"]
[Black "Seils, Joerg"]
[Result "1/2-1/2"]
[WhiteElo "2041"]
[BlackElo "2322"]
[PlyCount "43"]
[EventDate "2019.09.29"]
[EventType "team-tourn"]
[EventRounds "9"]
[EventCountry "GER"]
[SourceTitle "EXT 2023"]
[Source "ChessBase"]
[SourceDate "2022.10.05"]
[SourceVersion "1"]
[SourceVersionDate "2022.10.05"]
[SourceQuality "1"]
[WhiteTeam "Brandenburg"]
[BlackTeam "Pankow Rotation"]
[WhiteTeamCountry "GER"]
[BlackTeamCountry "GER"]

1. d4 Nf6 2. Nf3 e6 3. c4 d5 4. e3 Be7 5. Nc3 0-0 6. cxd5 exd5 7. Bd3 c6 8. Qc2 Nbd7 9. Bd2 Re8 10. h3 Bd6 11. 0-0 Nf8 12. e4 dxe4 13. Nxe4 Nxe4 14. Bxe4 Ng6 15. Rfe1 Bd7 16. Bc3 Be6 17. Ng5 Bd5 18. Bxd5 cxd5 19. Qf5 h6 20. Nf3 Rxe1+ 21. Rxe1 Ne7 22. Qd3 1/2-1/2

[Event "Oberliga Nord O 1920"]
[Site "Germany"]
[Date "2020.03.01"]
[Round "7.4"]
[White "Urban, Julian"]
[Black "Seils, Joerg"]
[Result "1-0"]
[WhiteElo "2239"]
[BlackElo "2321"]
[PlyCount "47"]
[EventDate "2019.09.29"]
[EventType "team-tourn"]
[EventRounds "9"]
[EventCountry "GER"]
[SourceTitle "CBM 195 Extra"]
[Source "ChessBase"]
[SourceDate "2020.05.31"]
[SourceVersion "1"]
[SourceVersionDate "2020.05.31"]
[SourceQuality "1"]

1. Nf3 Nf6 2. g3 e6 3. Bg2 d5 4. 0-0 Be7 5. d3 c5 6. Nbd2 Nc6 7. e4 b6 8. Re1 Bb7 9. c3 Qc7 10. Qe2 h6 11. a3 0-0-0 12. b4 c4 13. dxc4 dxe4 14. Nxe4 Nxe4 15. Qxe4 Nxb4 16. Qxb7+ Qxb7 17. axb4 Qc7 18. Ne5 Bf6 19. Nc6 Bxc3 20. Bf4 e5 21. Bh3+ Rd7 22. Nxe5 Bxe1 23. Nxd7 Qd8 24. Nc5+ 1-0

[Event "BL2-Nord 1819"]
[Site "Germany"]
[Date "2018.11.11"]
[Round "2.7"]
[White "Seils, Joerg"]
[Black "Szyszylo, Rafal"]
[Result "1/2-1/2"]
[WhiteElo "2316"]
[BlackElo "2253"]
[PlyCount "120"]
[EventDate "2018.11.10"]
[EventType "team-tourn"]
[EventRounds "10"]
[EventCountry "GER"]
[SourceTitle "CBM 190 Extra"]
[Source "ChessBase"]
[SourceDate "2019.07.15"]
[SourceVersion "1"]
[SourceVersionDate "2019.07.15"]
[SourceQuality "1"]
[WhiteTeam "Berlin Rotation"]
[BlackTeam "Ruedersdorf Glueckauf"]
[WhiteTeamCountry "GER"]
[BlackTeamCountry "GER"]

1. e4 g6 2. d4 Bg7 3. Nc3 d6 4. Nf3 Nf6 5. Be2 0-0 6. 0-0 Nc6 7. h3 e5 8. Be3 exd4 9. Nxd4 Re8 10. Nxc6 bxc6 11. Bd3 d5 12. exd5 cxd5 13. Bd4 c6 14. Re1 Rxe1+ 15. Qxe1 Be6 16. Na4 Nh5 17. Bxg7 Kxg7 18. Nc5 Qf6 19. Qb4 Rf8 20. Re1 Bc8 21. c3 Nf4 22. Bf1 Kg8 23. Nd3 Nxd3 24. Bxd3 Qd8 25. Re7 Qb6 26. Qxb6 axb6 27. Rc7 c5 28. Rc6 Be6 29. Rxb6 Ra8 30. a3 Kg7 31. Kf1 Kf6 32. Bb5 Ke5 33. Ke2 d4 34. cxd4+ Kxd4 35. Rd6+ Ke5 36. Rd2 Bb3 37. Ke3 g5 38. Rd3 Bd5 39. g3 f5 40. f4+ gxf4+ 41. gxf4+ Ke6 42. Bd7+ Kxd7 43. Rxd5+ Kc6 44. Rxf5 Rb8 45. b4 cxb4 46. axb4 Rxb4 47. Kf3 Kd6 48. Re5 h5 49. Kg3 Ra4 50. Rxh5 Ke6 51. Kg4 Kf6 52. Rh6+ Kg7 53. Rb6 Ra5 54. h4 Kf7 55. h5 Rc5 56. h6 Ra5 57. h7 Kg7 58. Rb7+ Kh8 59. f5 Ra4+ 60. Kg5 Rg4+ 1/2-1/2

[Event "Oberliga Nord O 1718"]
[Site "Germany"]
[Date "2018.02.25"]
[Round "7.5"]
[White "Stubbe, Wilko"]
[Black "Seils, Joerg"]
[Result "0-1"]
[WhiteElo "2213"]
[BlackElo "2315"]
[PlyCount "72"]
[EventDate "2017.10.08"]
[EventType "team-tourn"]
[EventRounds "9"]
[EventCountry "GER"]
[SourceTitle "EXT 2019"]
[Source "ChessBase"]
[SourceDate "2018.10.10"]
[SourceVersion "1"]
[SourceVersionDate "2018.10.10"]
[SourceQuality "1"]
[WhiteTeam "Greifswald"]
[BlackTeam "Berlin Rotation"]
[WhiteTeamCountry "GER"]
[BlackTeamCountry "GER"]

1. Nf3 Nf6 2. g3 e6 3. Bg2 d5 4. c4 Be7 5. 0-0 0-0 6. d4 c6 7. Nc3 Nbd7 8. b3 b6 9. Qc2 Ba6 10. Rd1 Rc8 11. e4 dxc4 12. e5 Nd5 13. bxc4 Nxc3 14. Qxc3 b5 15. c5 Nxc5 16. h4 Na4 17. Qe1 b4 18. Qe4 Nc3 19. Qg4 Kh8 20. Rd2 c5 21. dxc5 Qa5 22. Rd7 Rc7 23. Rxc7 Qxc7 24. Qxb4 Bxc5 25. Qg4 Ne2+ 26. Kh2 Bxf2 27. Bf4 Qc4 28. Bf1 Qe4 29. Kh3 Ng1+ 30. Kg2 Bb7 31. Kxf2 Nxf3 32. Rc1 Qd4+ 33. Ke2 Qb2+ 34. Kd3 Rd8+ 35. Kc4 Ba6+ 36. Kc5 Qb6# 0-1

[Event "Oberliga Nord O 1718"]
[Site "Germany"]
[Date "2018.01.21"]
[Round "5.5"]
[White "Seils, Joerg"]
[Black "Syre, Christian"]
[Result "1/2-1/2"]
[WhiteElo "2315"]
[BlackElo "2178"]
[PlyCount "32"]
[EventDate "2017.10.08"]
[EventType "team-tourn"]
[EventRounds "9"]
[EventCountry "GER"]
[SourceTitle "EXT 2019"]
[Source "ChessBase"]
[SourceDate "2018.10.10"]
[SourceVersion "1"]
[SourceVersionDate "2018.10.10"]
[SourceQuality "1"]
[WhiteTeam "Berlin Rotation"]
[BlackTeam "Berlin Oberschoeneweide"]
[WhiteTeamCountry "GER"]
[BlackTeamCountry "GER"]

1. e4 d6 2. d4 Nf6 3. Nc3 g6 4. Nf3 Bg7 5. h3 0-0 6. Be2 c5 7. dxc5 Qa5 8. 0-0 Qxc5 9. a3 Nbd7 10. Re1 b6 11. Be3 Qc7 12. Bd3 Bb7 13. Qd2 Rac8 14. Bh6 Ne5 15. Nxe5 dxe5 16. Bxg7 Kxg7 1/2-1/2

[Event "Oberliga Nord O 1718"]
[Site "Germany"]
[Date "2017.12.10"]
[Round "4.5"]
[White "Venske, Kai Gerrit"]
[Black "Seils, Joerg"]
[Result "1/2-1/2"]
[WhiteElo "2183"]
[BlackElo "2315"]
[PlyCount "163"]
[EventDate "2017.10.08"]
[EventType "team-tourn"]
[EventRounds "9"]
[EventCountry "GER"]
[SourceTitle "EXT 2019"]
[Source "ChessBase"]
[SourceDate "2018.10.10"]
[SourceVersion "1"]
[SourceVersionDate "2018.10.10"]
[SourceQuality "1"]
[WhiteTeam "Berlin Weisse Dame"]
[BlackTeam "Berlin Rotation"]
[WhiteTeamCountry "GER"]
[BlackTeamCountry "GER"]

1. d4 Nf6 2. Bg5 d5 3. Nc3 e6 4. e4 dxe4 5. Nxe4 Be7 6. Bxf6 Bxf6 7. Nf3 Nd7 8. Qd2 Be7 9. 0-0-0 Nf6 10. Bd3 c6 11. Kb1 Qc7 12. c4 0-0 13. Nxf6+ Bxf6 14. g4 c5 15. dxc5 e5 16. g5 Be7 17. Qe2 Bxc5 18. Nxe5 g6 19. Ng4 Bxg4 20. Qxg4 Rad8 21. h4 Rd4 22. Qh3 Rfd8 23. h5 Qd7 24. hxg6 fxg6 25. Qxd7 R4xd7 26. Kc2 Bxf2 27. Rh3 Re7 28. Rd2 Rf8 29. c5 Bxc5 30. Bc4+ Kg7 31. Rd5 Be3 32. Kd3 Bf4 33. Rf3 h6 34. gxh6+ Kxh6 35. Rd4 g5 36. Bd5 Rd8 37. Rh3+ Kg7 38. Be4 Rxd4+ 39. Kxd4 Rd7+ 40. Kc4 Kf6 41. Rh7 Rxh7 42. Bxh7 Ke5 43. Kd3 Bc1 44. b3 Ba3 45. Be4 b6 46. Bb7 g4 47. Bc6 g3 48. Bb7 Kf4 49. Bg2 Bc5 50. Ke2 Bf2 51. Kd3 Ke5 52. Bb7 Kd6 53. Kc4 Be3 54. Bg2 Bc1 55. Bb7 Ba3 56. Bg2 a6 57. Bb7 b5+ 58. Kd3 Kc7 59. Bg2 Kb6 60. Bf3 Ka5 61. Bg2 Bd6 62. Ba8 Kb4 63. Kc2 a5 64. Bg2 Be5 65. Ba8 Ka3 66. Kb1 Bf4 67. Bb7 Bc7 68. Ba8 a4 69. bxa4 bxa4 70. Bb7 Ba5 71. Ba8 Kb4 72. Kc2 Kc4 73. Bb7 Kd4 74. Ba8 Bb4 75. Kd1 Ke3 76. Bc6 Kf2 77. Kc2 g2 78. Bxg2 Kxg2 79. Kd3 Kf1 80. Kc4 Bd6 81. a3 Bxa3 82. Kb5 1/2-1/2

[Event "Oberliga Nord O 1718"]
[Site "Germany"]
[Date "2017.10.23"]
[Round "2.5"]
[White "Anibar, Ahmed"]
[Black "Seils, Joerg"]
[Result "1-0"]
[WhiteElo "2282"]
[BlackElo "2315"]
[PlyCount "77"]
[EventDate "2017.10.08"]
[EventType "team-tourn"]
[EventRounds "9"]
[EventCountry "GER"]
[SourceTitle "EXT 2019"]
[Source "ChessBase"]
[SourceDate "2018.10.10"]
[SourceVersion "1"]
[SourceVersionDate "2018.10.10"]
[SourceQuality "1"]
[WhiteTeam "Berlin Tegel II"]
[BlackTeam "Berlin Rotation"]
[WhiteTeamCountry "GER"]
[BlackTeamCountry "GER"]

1. e4 d5 2. exd5 Qxd5 3. Nc3 Qa5 4. Bc4 c6 5. d3 Bf5 6. Bd2 e6 7. Qe2 Nf6 8. h3 Bb4 9. Nf3 Nbd7 10. a3 Bxc3 11. Bxc3 Qc7 12. g4 Bg6 13. 0-0-0 0-0-0 14. Kb1 Rhe8 15. h4 Nxg4 16. h5 Bf5 17. Bxg7 Qf4 18. Bd4 Nb6 19. Be3 Nxe3 20. fxe3 Qc7 21. Bb3 Bg4 22. Rdg1 Rg8 23. Qf2 h6 24. Nd2 Rde8 25. Ne4 Nd7 26. Qxf7 Rgf8 27. Qg6 Bf5 28. Qxh6 Bxe4 29. dxe4 Qe5 30. Qg6 Nc5 31. Rg5 Qd6 32. h6 Nxb3 33. cxb3 Qd3+ 34. Ka2 a5 35. Rxa5 Kb8 36. h7 e5 37. a4 Qd8 38. Rc5 Rf2 39. Qxe8 1-0

[Event "BL2-Nord 1617"]
[Site "Germany"]
[Date "2017.03.19"]
[Round "7.5"]
[White "Junge, Kai"]
[Black "Seils, Joerg"]
[Result "1/2-1/2"]
[WhiteElo "2232"]
[BlackElo "2318"]
[PlyCount "92"]
[EventDate "2016.10.16"]
[EventType "team-tourn"]
[EventRounds "9"]
[EventCountry "GER"]
[SourceTitle "EXT 2018"]
[Source "ChessBase"]
[SourceDate "2017.10.13"]
[SourceVersion "1"]
[SourceVersionDate "2017.10.13"]
[SourceQuality "1"]
[WhiteTeam "Preetz"]
[BlackTeam "Pankow Rotation"]
[WhiteTeamCountry "GER"]
[BlackTeamCountry "GER"]

1. Nf3 Nf6 2. g3 e6 3. Bg2 Be7 4. 0-0 0-0 5. d3 d5 6. Nbd2 c5 7. e4 Nc6 8. Re1 dxe4 9. dxe4 Qc7 10. e5 Nd5 11. c3 b5 12. Qc2 Bb7 13. h4 Rfd8 14. Nf1 Rd7 15. N1h2 b4 16. Bg5 Bf8 17. Ng4 bxc3 18. bxc3 Nce7 19. Nd2 Nf5 20. Nc4 Nb6 21. Bxb7 Qxb7 22. Nce3 Nxe3 23. Nxe3 h6 24. Bf4 Rad8 25. Rad1 Be7 26. Rxd7 Rxd7 27. h5 Qf3 28. Rd1 Rxd1+ 29. Qxd1 Qxd1+ 30. Nxd1 Nd5 31. Kf1 Nxf4 32. gxf4 g6 33. hxg6 fxg6 34. Kg2 Kf7 35. Kf3 Ke8 36. Ne3 h5 37. a4 Kd7 38. Ke4 Kc6 39. Nc4 a6 40. Na5+ Kb6 41. Nc4+ Kc7 42. Kf3 Kc6 43. Ke4 h4 44. Na5+ Kb6 45. Nc4+ Kc6 46. Na5+ Kb6 1/2-1/2

[Event "GER CupT 1617 Round2 (1)"]
[Site "Aue"]
[Date "2017.03.11"]
[Round "1.3"]
[White "Noetzel, Felix"]
[Black "Seils, Joerg"]
[Result "1-0"]
[WhiteElo "2174"]
[BlackElo "2318"]
[PlyCount "147"]
[EventDate "2017.03.11"]
[EventType "team-k.o."]
[EventRounds "2"]
[EventCountry "GER"]
[SourceTitle "EXT 2019"]
[Source "ChessBase"]
[SourceDate "2018.10.10"]
[SourceVersion "1"]
[SourceVersionDate "2018.10.10"]
[SourceQuality "1"]
[WhiteTeam "Berlin SF"]
[BlackTeam "Pankow Rotation"]
[WhiteTeamCountry "GER"]
[BlackTeamCountry "GER"]

1. e4 Nf6 2. Nc3 d5 3. e5 Nfd7 4. e6 fxe6 5. d4 Nf6 6. Nf3 c5 7. dxc5 Qc7 8. Qd4 Nc6 9. Bb5 Bd7 10. Bxc6 bxc6 11. 0-0 g6 12. Bf4 Qc8 13. Be5 Bg7 14. Ne2 0-0 15. Qh4 h6 16. Rad1 Qe8 17. Rd3 Qf7 18. Bd4 g5 19. Qg3 Bc8 20. Ne5 Qe8 21. f4 Ne4 22. Qh3 Rf5 23. Ng3 Nxg3 24. Rxg3 Qf8 25. Rgf3 gxf4 26. Qg4 Rg5 27. Rxf4 Rxg4 28. Rxf8+ Bxf8 29. Nxg4 Bd7 30. Rf3 Bg7 31. Bxg7 Kxg7 32. Ne5 Be8 33. b4 Rb8 34. a3 a5 35. c3 Ra8 36. Kf2 Ra6 37. g4 Bg6 38. Nxg6 Kxg6 39. Rf8 axb4 40. axb4 e5 41. h4 Kg7 42. Rc8 Ra2+ 43. Ke1 d4 44. cxd4 exd4 45. Rd8 e5 46. Rd7+ Kf8 47. Rd6 Rb2 48. Rxc6 Rxb4 49. Rxh6 d3 50. g5 e4 51. Re6 Kf7 52. Re5 e3 53. Rxe3 Rxh4 54. Rxd3 Rc4 55. Rd7+ Ke6 56. Rc7 Kf5 57. Kd2 Kxg5 58. Kd3 Rc1 59. Kd4 Kf6 60. Kd5 Rh1 61. Ra7 Rd1+ 62. Kc6 Rh1 63. Ra2 Ke7 64. Kc7 Rc1 65. Re2+ Kf6 66. c6 Kf7 67. Kd7 Rd1+ 68. Kc8 Rc1 69. c7 Kf8 70. Re4 Kf7 71. Kd7 Rd1+ 72. Kc6 Rc1+ 73. Kd6 Kf8 74. Re5 1-0

[Event "BL2-Nord 1516"]
[Site "Germany"]
[Date "2015.09.19"]
[Round "3.5"]
[White "Seils, Joerg"]
[Black "Kramer, Julian"]
[Result "1/2-1/2"]
[WhiteElo "2327"]
[BlackElo "2323"]
[PlyCount "91"]
[EventDate "2015.09.19"]
[EventType "team-tourn"]
[EventRounds "9"]
[EventCountry "GER"]
[SourceTitle "EXT 2017"]
[Source "ChessBase"]
[SourceDate "2016.10.25"]
[SourceVersion "1"]
[SourceVersionDate "2016.10.25"]
[SourceQuality "1"]
[WhiteTeam "Pankow Rotation"]
[BlackTeam "Hamburger SK II"]
[WhiteTeamCountry "GER"]
[BlackTeamCountry "GER"]

1. e4 e5 2. Nf3 Nc6 3. Bc4 Bc5 4. c3 Nf6 5. d3 a6 6. 0-0 d6 7. Nbd2 Ba7 8. a4 0-0 9. h3 h6 10. Re1 Re8 11. Nf1 Be6 12. Bxe6 fxe6 13. Be3 Qd7 14. Bxa7 Rxa7 15. d4 exd4 16. Nxd4 Raa8 17. Nxc6 Qxc6 18. e5 Nd7 19. exd6 cxd6 20. Ng3 Nf6 21. a5 Rad8 22. Qa4 Qxa4 23. Rxa4 Rd7 24. f4 g6 25. Rd4 Kf7 26. Red1 Ke7 27. Ne4 Nxe4 28. Rxe4 Kf6 29. Red4 Ke7 30. c4 Rc8 31. b4 Rc6 32. Re1 Kf7 33. c5 Ke7 34. Red1 d5 35. g4 Rc8 36. Kf2 Rf8 37. Kg3 Kf6 38. h4 h5 39. Re1 hxg4 40. Kxg4 Rh8 41. Rd3 Rdh7 42. Rh1 Rh5 43. Kg3 R8h7 44. Re3 Kf7 45. Rc3 Kf6 46. Re3 1/2-1/2

[Event "GER CupT sf3"]
[Site "Berlin Pankow"]
[Date "2015.03.21"]
[Round "3.1"]
[White "Kololli, Martin"]
[Black "Seils, Joerg"]
[Result "0-1"]
[WhiteElo "2144"]
[BlackElo "2334"]
[PlyCount "92"]
[EventDate "2015.03.21"]
[EventType "team-k.o."]
[EventRounds "2"]
[EventCountry "GER"]
[SourceTitle "EXT 2019"]
[Source "ChessBase"]
[SourceDate "2018.10.10"]
[SourceVersion "1"]
[SourceVersionDate "2018.10.10"]
[SourceQuality "1"]
[WhiteTeam "Luebeck"]
[BlackTeam "Pankow Rotation"]
[WhiteTeamCountry "GER"]
[BlackTeamCountry "GER"]

1. e4 Nf6 2. e5 Nd5 3. d4 d6 4. c4 Nb6 5. exd6 exd6 6. Nc3 Be7 7. Bd3 Nc6 8. Be3 Bf6 9. Nge2 0-0 10. c5 dxc5 11. dxc5 Nb4 12. Bb5 N6d5 13. Nxd5 Nxd5 14. Bd4 c6 15. Bc4 Nf4 16. Bxf6 Qxf6 17. 0-0 Bg4 18. f3 Be6 19. Qc2 Qg5 20. Nxf4 Qxc5+ 21. Rf2 Qxc4 22. Nxe6 Qxe6 23. Re2 Qf6 24. Rae1 b6 25. Re7 c5 26. b3 g6 27. Qc4 a5 28. Qb5 Rad8 29. R7e2 Rd6 30. Kh1 Kg7 31. h3 Rfd8 32. Qc4 Rd1 33. Kh2 Rxe1 34. Rxe1 Rd2 35. Re2 Rd1 36. Re4 Rd4 37. Qc2 Rxe4 38. Qxe4 Qd6+ 39. Kh1 h5 40. Qc4 Qd4 41. Qe2 a4 42. Qb5 a3 43. Qe8 c4 44. bxc4 Qxc4 45. Qe5+ Kh7 46. g4 Qf1+ 0-1

[Event "Oberliga Nord O 1314"]
[Site "Germany"]
[Date "2014.04.06"]
[Round "9.1"]
[White "Popovics, Adam"]
[Black "Seils, Joerg"]
[Result "1/2-1/2"]
[WhiteElo "2400"]
[BlackElo "2350"]
[PlyCount "113"]
[EventDate "2013.10.13"]
[EventType "team-tourn"]
[EventRounds "9"]
[EventCountry "GER"]
[SourceTitle "EXT 2015"]
[Source "ChessBase"]
[SourceDate "2014.11.20"]
[SourceVersion "1"]
[SourceVersionDate "2014.11.20"]
[SourceQuality "1"]
[WhiteTeam "Neuruppin"]
[BlackTeam "Pankow Rotation"]
[WhiteTeamCountry "GER"]
[BlackTeamCountry "GER"]

1. d4 Nf6 2. c4 e6 3. Nf3 Bb4+ 4. Nbd2 0-0 5. a3 Bxd2+ 6. Bxd2 d6 7. Bg5 Nbd7 8. e3 Re8 9. Be2 e5 10. 0-0 Qe7 11. Qc2 h6 12. Bh4 Nf8 13. dxe5 dxe5 14. Bg3 e4 15. Nd4 a6 16. c5 Ng6 17. b4 h5 18. h3 h4 19. Bh2 Nd5 20. Qb3 Qg5 21. Kh1 c6 22. Bc4 Be6 23. Rad1 Ne5 24. Nxe6 fxe6 25. Be2 Rf8 26. Qc2 Rf5 27. Qxe4 Nc3 28. Qc2 Nxd1 29. Qxd1 Rd8 30. Qc2 Qf6 31. f4 g5 32. Qc1 gxf4 33. e4 Rg5 34. Bxf4 Rg6 35. Bh5 Nd3 36. Qe3 Rg7 37. e5 Qf5 38. Bg4 Rxg4 39. hxg4 Qxg4 40. Bg5 Rd7 41. Bf6 Qg3 42. Rf3 Nf2+ 43. Qxf2 Rd1+ 44. Qg1 Rxg1+ 45. Kxg1 Qe1+ 46. Kh2 a5 47. bxa5 Qxa5 48. Be7 Qa4 49. Kh3 Qe4 50. Bf6 Qd4 51. Rb3 Qxc5 52. Rxb7 Qxa3+ 53. Kxh4 Qe3 54. g4 Qh6+ 55. Kg3 Qe3+ 56. Kh4 Qh6+ 57. Kg3 1/2-1/2

[Event "Oberliga Nord O 1314"]
[Site "Germany"]
[Date "2014.01.19"]
[Round "5.1"]
[White "Seils, Joerg"]
[Black "Giemsa, Stephan"]
[Result "1-0"]
[WhiteElo "2350"]
[BlackElo "2321"]
[PlyCount "77"]
[EventDate "2013.10.13"]
[EventType "team-tourn"]
[EventRounds "9"]
[EventCountry "GER"]
[SourceTitle "EXT 2015"]
[Source "ChessBase"]
[SourceDate "2014.11.20"]
[SourceVersion "1"]
[SourceVersionDate "2014.11.20"]
[SourceQuality "1"]
[WhiteTeam "Pankow Rotation"]
[BlackTeam "Koenig Tegel II"]
[WhiteTeamCountry "GER"]
[BlackTeamCountry "GER"]

1. e4 e6 2. d4 d5 3. Nc3 Nf6 4. exd5 exd5 5. Bd3 Bd6 6. Nge2 0-0 7. Bg5 c6 8. Qd2 b5 9. 0-0 h6 10. Bf4 Re8 11. Ng3 Bxf4 12. Qxf4 Be6 13. Rae1 Nbd7 14. Re3 Qb8 15. Qxb8 Raxb8 16. Rfe1 Nb6 17. b3 Kf8 18. h3 Bd7 19. Re5 Nc8 20. f3 Nd6 21. Kf2 Ng8 22. a4 b4 23. Nd1 a5 24. Ne3 f6 25. Rxe8+ Rxe8 26. Nef5 Rxe1 27. Kxe1 Nxf5 28. Nxf5 Bxf5 29. Bxf5 Ke7 30. Bh7 Kf8 31. Bxg8 Kxg8 32. c3 bxc3 33. b4 axb4 34. a5 b3 35. Kd1 c5 36. a6 b2 37. Kc2 cxd4 38. a7 d3+ 39. Kb1 1-0

[Event "Oberliga Nord O 1213"]
[Site "Germany"]
[Date "2013.02.03"]
[Round "6.1"]
[White "Seils, Joerg"]
[Black "Penzold, Andreas"]
[Result "1-0"]
[WhiteElo "2337"]
[BlackElo "2387"]
[PlyCount "123"]
[EventDate "2012.10.17"]
[EventType "team-tourn"]
[EventRounds "9"]
[EventCountry "GER"]
[SourceTitle "EXT 2015"]
[Source "ChessBase"]
[SourceDate "2014.11.20"]
[SourceVersion "1"]
[SourceVersionDate "2014.11.20"]
[SourceQuality "1"]
[WhiteTeam "Pankow Rotation"]
[BlackTeam "Potsdam Empor"]
[WhiteTeamCountry "GER"]
[BlackTeamCountry "GER"]

1. e4 Nf6 2. e5 Nd5 3. Nf3 d6 4. d4 Bg4 5. Be2 e6 6. 0-0 Be7 7. c4 Nb6 8. Nc3 d5 9. c5 Nc8 10. Be3 0-0 11. h3 Bxf3 12. Bxf3 Nc6 13. Be2 f6 14. f4 fxe5 15. fxe5 Rxf1+ 16. Qxf1 Bg5 17. Qf2 Bxe3 18. Qxe3 N8e7 19. Bg4 Qd7 20. Rf1 Rf8 21. Rxf8+ Kxf8 22. Ne2 Nd8 23. Nf4 Nec6 24. h4 Qf7 25. g3 a6 26. a3 Ne7 27. Qf2 Ke8 28. b4 g6 29. a4 Nf5 30. b5 axb5 31. axb5 b6 32. Be2 Nb7 33. g4 Ng7 34. c6 Na5 35. Qe3 Qe7 36. Qf2 Qf8 37. Bd3 Nb3 38. Ne2 Qxf2+ 39. Kxf2 Kf7 40. Ke3 Kg8 41. Kf4 Ne8 42. Bb1 Nd2 43. Ba2 Kg7 44. Ke3 Nf1+ 45. Kf2 Nh2 46. Kg3 Nf1+ 47. Kg2 Ne3+ 48. Kf3 Nf1 49. Nf4 Kf7 50. Nh3 Ng7 51. Kf4 h5 52. Bb1 hxg4 53. Ng5+ Kg8 54. Bxg6 g3 55. Kf3 Nf5 56. Bxf5 exf5 57. Kg2 Ne3+ 58. Kxg3 Nc2 59. e6 Kf8 60. h5 Nxd4 61. h6 Nxb5 62. e7+ 1-0

[Event "Oberliga Nord O 1213"]
[Site "Germany"]
[Date "2012.11.11"]
[Round "2.1"]
[White "Seils, Joerg"]
[Black "Moranda, Wojciech"]
[Result "1/2-1/2"]
[WhiteElo "2337"]
[BlackElo "2559"]
[PlyCount "168"]
[EventDate "2012.10.17"]
[EventType "team-tourn"]
[EventRounds "9"]
[EventCountry "GER"]
[SourceTitle "EXT 2015"]
[Source "ChessBase"]
[SourceDate "2014.11.20"]
[SourceVersion "1"]
[SourceVersionDate "2014.11.20"]
[SourceQuality "1"]
[WhiteTeam "Pankow Rotation"]
[BlackTeam "Ruedersdorf"]
[WhiteTeamCountry "GER"]
[BlackTeamCountry "GER"]

1. e4 c5 2. Nf3 d6 3. Bb5+ Nc6 4. 0-0 Bd7 5. Re1 Nf6 6. c3 a6 7. Bf1 Bg4 8. h3 Bxf3 9. Qxf3 g6 10. Qd1 Bh6 11. Na3 0-0 12. d3 Bxc1 13. Rxc1 e6 14. Nc2 Qb6 15. Rb1 d5 16. e5 Nh5 17. d4 f6 18. exf6 Rxf6 19. Ne3 cxd4 20. Ng4 Rf4 21. Rxe6 Raf8 22. Qb3 Qc5 23. Qxb7 Nd8 24. Qxa6 Nxe6 25. Qxe6+ Kh8 26. Rd1 Re4 27. Qd7 dxc3 28. Rxd5 Qe7 29. Qxe7 Rxe7 30. bxc3 Re1 31. Ne3 Ra1 32. Rd2 Nf6 33. f3 Re8 34. Nc2 Rxa2 35. Kf2 Nh5 36. Bd3 Nf4 37. Be4 Rc8 38. Ke3 Ne6 39. Ne1 Rxc3+ 40. Nd3 Ra4 41. Kf2 Rd4 42. Ke2 Ra3 43. g3 Ng5 44. Ke3 Nxe4 45. fxe4 Rd8 46. Rd1 Kg7 47. Rd2 Kf6 48. Ke2 Ra1 49. Kf2 g5 50. g4 Ke7 51. Kf3 h6 52. Kf2 Rd6 53. Kf3 Rf6+ 54. Kg2 Rd6 55. Kf3 Ra3 56. Ke2 Rc3 57. Ke3 Ke6 58. Ke2 Ke7 59. Ke3 Re6 60. Rd1 Rd6 61. Rd2 Kf8 62. Ke2 Kg7 63. Ke3 Rd8 64. Ke2 Ra3 65. Ke3 h5 66. Ke2 h4 67. Ke3 Ra1 68. Kf2 Rh1 69. Kg2 Re1 70. Nxe1 Rxd2+ 71. Kg1 Re2 72. Nf3 Kf6 73. e5+ Rxe5 74. Kf2 Ra5 75. Kf1 Ke6 76. Kf2 Kd6 77. Kg2 Rb5 78. Kf2 Rc5 79. Kg2 Rc2+ 80. Kg1 Rc3 81. Kg2 Rxf3 82. Kxf3 Kd5 83. Kf2 Kd4 84. Kf3 Kd3 1/2-1/2